LIBRARY & INFORMATION CENTRE, KCAET, TAVANUR

ONLINE PUBLIC ACCESS CATALOGUE (OPAC)

Methods of test for power take-off drive shaft guard,IS:8265-1983 / (Record no. 4198)

MARC details
000 -LEADER
fixed length control field 00972cam a2200169ua 4500
041 ## - LANGUAGE CODE
Language code of text/sound track or separate title eng
082 ## - DEWEY DECIMAL CLASSIFICATION NUMBER
Classification number 629.114
Item number IND/ME
100 ## - MAIN ENTRY--AUTHOR NAME
Personal name Indian standards institutio, ISI .
245 00 - TITLE STATEMENT
Title Methods of test for power take-off drive shaft guard,IS:8265-1983 /
250 ## - EDITION STATEMENT
Edition statement 1 /
260 ## - PUBLICATION, DISTRIBUTION, ETC. (IMPRINT)
Place of publication :
Name of publisher ISI ,
Year of publication 1984.
300 ## - PHYSICAL DESCRIPTION
Number of Pages 8 ; .
942 ## - ADDED ENTRY ELEMENTS (KOHA)
Koha item type Books
Holdings
Withdrawn status Lost status Damaged status Home library Current library Date acquired Full call number Accession Number Koha item type
      KAUAET   08/03/1990 629.114 16600 Books
free website counter